|
|
|
|
| LEADER |
00000nab a2200000uu 4500 |
| 001 |
vtls011502258 |
| 003 |
SK-MaSNL |
| 005 |
20260303155107.0 |
| 008 |
230222|1954 xo |||||||||||||||||slo| |
| 015 |
|
|
|a SNBRB
|
| 035 |
|
|
|a (urnnbn)urn:nbn:sk:snk:ar-a0ahif
|
| 035 |
|
|
|a (uuid)c5357072-2a44-43c6-9486-6cb3ba4b4837
|
| 035 |
|
|
|a urn:nbn:sk:snk-abdwet
|
| 040 |
|
|
|a SNKBUCL
|b slo
|c SNKBUCL
|e AACR2
|
| 041 |
0 |
|
|a slo
|
| 044 |
|
|
|a xo
|c SK
|
| 100 |
1 |
|
|a Zapletálek, Alojz
|4 aut
|9 399868
|
| 245 |
1 |
0 |
|a Zváranie plechov s ochranným náterom
|c Alojz Zapletálek
|
| 773 |
0 |
|
|t Zváranie : odborný časopis československých zváračov
|g Roč. 3, č. 5 (1954), s. 130-133
|
| 954 |
|
|
|a odborná, vedecká literatúra pôvodná (slovenská)
|2 lita
|
| 958 |
|
|
|a OND
|
| 958 |
|
|
|a EUIPO
|
| 958 |
|
|
|a article20
|
| 999 |
|
|
|c 2038607
|d 2040537
|